000 00440nam a2200157 i 4500
001 99234
003 ES-MaACL
005 20230906182450.0
007 t|
008 050906s1966 sp ||||1| spa d
100 1 _aMartín Gil, Manuel.
_977507
245 1 0 _aUn cura de medio pelo /
_cpor Manuel Martín Gil.
260 _aMadrid :
_bIbérica-Europea,
_c1966.
300 _a238 p. :
_bil. ;
_c19 cm.
852 _aES-MaACL
_jC-31130
_bR.61761
999 _c99234
_d99234